Todos os times que o Dudu do Palmeiras ja marcou gol - Statistics

Estatísticas Gerais
  • Esse quiz foi jogado 106 vezes
  • A pontuação média é 23 de 53
Estatísticas das Respostas
Dica Resposta % Correto
Brasil São Paulo
98%
Brasil Corinthians
96%
Brasil Santos
93%
Brasil Cruzeiro
92%
Brasil Flamengo
89%
Brasil Grêmio
88%
Brasil Vasco
87%
Brasil Fluminense
82%
Brasil Botafogo
80%
Brasil Internacional
80%
Brasil Bahia
73%
Brasil Coritiba
66%
Brasil Fortaleza
64%
Brasil Sport
64%
Brasil Vitoria
62%
Brasil Bragantino
61%
Brasil Ponte Preta
61%
Brasil Ceara
59%
Brasil Atletico MG
56%
Brasil Goias
56%
Brasil Guarani
55%
Brasil Avaí
51%
Uruguai Penarol
51%
Chile Colo Colo
48%
Brasil Atletico GO
47%
Brasil Santa Cruz
46%
Brasil Chapecoense
45%
Brasil Criciuma
45%
Egito Al Ahly
41%
Colombia Atletico Nacional
41%
Brasil Figueirense
41%
Brasil America MG
38%
Brasil Joinville
35%
Brasil Novorizontino
34%
Argentina San Lorenzo
32%
Brasil Agua Santa
27%
Colombia Junior Barranquilla
26%
Venezuela Deportivo Tachira
22%
Argentina Godoy Cruz
15%
Catar Al Ahli
11%
Catar Al Rayyan
6%
Catar Al Sadd
6%
Brasil Vitoria da Conquista
5%
Catar Al Gharafa
4%
Ucrania Zorya
4%
Catar Qatar
2%
Catar Al Wakrah
1%
Ucrania Goverla
1%
Ucrania Kremin
1%
Ucrania Sverdlovsk
1%
Catar Umm Salal
1%
Catar Al Khor
0%
Catar Al Sailiya
0%
Nenhum quiz correspondente encontrado
Distribuição das Pontuações
Porcentagem de Pessoas com Cada Pontuação
Percentil de Números Respondidos
Sua Pontuação Histórica
Você não jogou esse quiz